<?xml version="1.0" encoding="UTF-8"?>
<record
    xmlns:xsi="http://www.w3.org/2001/XMLSchema-instance"
    xsi:schemaLocation="http://www.loc.gov/MARC21/slim http://www.loc.gov/standards/marcxml/schema/MARC21slim.xsd"
    xmlns="http://www.loc.gov/MARC21/slim">

  <leader>01566nam a22002657a 4500</leader>
  <datafield tag="999" ind1=" " ind2=" ">
    <subfield code="c">358061</subfield>
    <subfield code="d">358061</subfield>
  </datafield>
  <controlfield tag="003">IT-MiSPE</controlfield>
  <controlfield tag="005">20181114154359.0</controlfield>
  <controlfield tag="008">181114b           ||||| |||| 00| 0 eng d</controlfield>
  <datafield tag="040" ind1=" " ind2=" ">
    <subfield code="a">IT-MiSPE</subfield>
    <subfield code="b">ita</subfield>
    <subfield code="c">IT-MiSPE</subfield>
    <subfield code="d">IT-MiSPE</subfield>
  </datafield>
  <datafield tag="082" ind1=" " ind2=" ">
    <subfield code="a">833-MAN th to (23204)</subfield>
  </datafield>
  <datafield tag="100" ind1=" " ind2=" ">
    <subfield code="a">Mann, Thomas ;</subfield>
    <subfield code="c">Premio Nobel (1929)</subfield>
    <subfield code="d">1875-1955 ;</subfield>
    <subfield code="e">autore</subfield>
    <subfield code="9">57494</subfield>
  </datafield>
  <datafield tag="240" ind1=" " ind2=" ">
    <subfield code="a">Der Tod in Venedig und andere Erz&#xE4;hlungen ;</subfield>
    <subfield code="l">ger</subfield>
  </datafield>
  <datafield tag="245" ind1=" " ind2=" ">
    <subfield code="a">Der Tod in Venedig und andere Erz&#xE4;hlungen ;</subfield>
    <subfield code="c">Mann, Thomas ;</subfield>
  </datafield>
  <datafield tag="260" ind1=" " ind2=" ">
    <subfield code="a">Frankfurt am Main - Hamburg</subfield>
    <subfield code="b">Fischer</subfield>
    <subfield code="c">1954 [1970]</subfield>
  </datafield>
  <datafield tag="300" ind1=" " ind2=" ">
    <subfield code="a">248 p. ;</subfield>
    <subfield code="c">18 cm</subfield>
  </datafield>
  <datafield tag="520" ind1=" " ind2=" ">
    <subfield code="a">"Von" Aschenbach, in viaggio a Venezia, rimane folgorato alla vista di un adolescente, rendendosi conto che &#xE8; estremamente bello, tale e quale un'antica scultura greca. Le sue tre sorelle maggiori, invece, sono cos&#xEC; gravemente vestite da sembrar quasi delle suore. In seguito, mentre l'uomo continua a spiare amorevolmente il ragazzo e la sua famiglia in spiaggia, coglie per caso il suono di quello che pare esser il suo nome: Tadzio. Il giovane finisce per incarnare ai suoi occhi l'ideale di bellezza classica, grecizzante, alla quale l'artista venuto dal nord da sempre maggiormente aspira. </subfield>
  </datafield>
  <datafield tag="655" ind1=" " ind2=" ">
    <subfield code="a">Lingua e letteratura tedesca</subfield>
    <subfield code="x">Vari altri autori: opere originali e studi</subfield>
    <subfield code="9">57384</subfield>
  </datafield>
  <datafield tag="730" ind1=" " ind2=" ">
    <subfield code="a">Der Tod in Venedig.</subfield>
    <subfield code="l">ger</subfield>
    <subfield code="9">57480</subfield>
  </datafield>
  <datafield tag="730" ind1=" " ind2=" ">
    <subfield code="a">Tristan.</subfield>
    <subfield code="l">ger</subfield>
    <subfield code="9">57469</subfield>
  </datafield>
  <datafield tag="730" ind1=" " ind2=" ">
    <subfield code="a">Die vertauschten K&#xF6;pfe.</subfield>
    <subfield code="l">ger</subfield>
    <subfield code="9">57484</subfield>
  </datafield>
  <datafield tag="730" ind1=" " ind2=" ">
    <subfield code="a">Gladius Dei.</subfield>
    <subfield code="l">ger</subfield>
    <subfield code="9">57468</subfield>
  </datafield>
  <datafield tag="730" ind1=" " ind2=" ">
    <subfield code="a">Schwere Stunde.</subfield>
    <subfield code="l">ger</subfield>
    <subfield code="9">57475</subfield>
  </datafield>
  <datafield tag="730" ind1=" " ind2=" ">
    <subfield code="a">Das Gesetz.</subfield>
    <subfield code="l">ger</subfield>
    <subfield code="9">57485</subfield>
  </datafield>
  <datafield tag="942" ind1=" " ind2=" ">
    <subfield code="2">ddc</subfield>
    <subfield code="c">BK</subfield>
  </datafield>
  <datafield tag="952" ind1=" " ind2=" ">
    <subfield code="0">0</subfield>
    <subfield code="1">0</subfield>
    <subfield code="2">ddc</subfield>
    <subfield code="4">0</subfield>
    <subfield code="6">833MAN_TH_TO_23204</subfield>
    <subfield code="7">1</subfield>
    <subfield code="a">CINISELLO</subfield>
    <subfield code="b">CINISELLO</subfield>
    <subfield code="d">2018-11-14</subfield>
    <subfield code="l">0</subfield>
    <subfield code="o">833-MAN th to (23204)</subfield>
    <subfield code="r">2018-11-14 00:00:00</subfield>
    <subfield code="w">2018-11-14</subfield>
    <subfield code="y">BK</subfield>
  </datafield>
</record>
